Normal view
MARC view
- Phillimore, Reginald Henry
Entry Personal Name
001 - CONTROL NUMBER
- control field: 39665
003 - CONTROL NUMBER IDENTIFIER
- control field: NUST
005 - DATE AND TIME OF LATEST TRANSACTION
- control field: 20210314131517.0
008 - FIXED-LENGTH DATA ELEMENTS
- fixed length control field: 210314|| aca||aabn | a|a d
040 ## - CATALOGING SOURCE
- Original cataloging agency: NUST
- Transcribing agency: NUST
100 ## - HEADING--PERSONAL NAME
- Personal name: Phillimore, Reginald Henry
670 ## - SOURCE DATA FOUND
- Source citation: Work cat.: (NUST): Survey of India. 39664, Historical records of the Survey of India,, 1945-
